|
|
|
|
| LEADER |
00000nab a2200000uu 4500 |
| 001 |
vtls011441937 |
| 003 |
SK-MaSNL |
| 005 |
20260303122826.0 |
| 008 |
230213|1977 xo |||||||||||||||||eng| |
| 015 |
|
|
|a SNBRB
|
| 035 |
|
|
|a (urnnbn)urn:nbn:sk:snk:ar-0031ic
|
| 035 |
|
|
|a (uuid)d166c6b9-af8c-413d-87ee-981675588a79
|
| 035 |
|
|
|a urn:nbn:sk:snk-abcg2g
|
| 040 |
|
|
|a SNKBUCL
|b slo
|c SNKBUCL
|e AACR2
|
| 041 |
0 |
|
|a eng
|
| 044 |
|
|
|a xo
|c SK
|
| 100 |
1 |
|
|a Dobias, Jozef
|4 aut
|9 75801
|
| 245 |
1 |
0 |
|a THE INHIBITORY EFFECT OF KOJIC ACID AND ITS TWO DERIVATIVES ON THE DEVELOPMENT OF DROSOPHILA MELANOGASTER
|c Jozef Dobias, Pavel Nemec, Július Brtko, V. Mock
|
| 700 |
1 |
|
|a Brtko, Július,
|d 1948-
|4 aut
|9 39646
|
| 700 |
1 |
|
|a Mock, V.
|4 trl
|9 1137284
|
| 700 |
1 |
|
|a Němec, Pavel,
|d 1912-1987
|4 aut
|9 161099
|
| 773 |
0 |
|
|t Biológia : časopis Slovenskej akadémie vied
|g Roč. 32, č. 6 (1977), s. 417-421
|
| 954 |
|
|
|a odborná, vedecká literatúra pôvodná (slovenská)
|2 lita
|
| 954 |
|
|
|a odborná, vedecká literatúra cudzojazyčná (svetová)
|2 lita
|
| 958 |
|
|
|a OND
|
| 958 |
|
|
|a EUIPO
|
| 958 |
|
|
|a article16
|
| 999 |
|
|
|c 1922467
|d 1924397
|